|
|
|
|
| LEADER |
00000nab a2200000 a 4500 |
| 001 |
vtls008934620 |
| 003 |
SK-MaSNL |
| 005 |
20260304001103.0 |
| 008 |
060201 1977 xo | 000 0 slo |
| 015 |
|
|
|a SNBRB1977
|
| 040 |
|
|
|a SNKBUCL
|b slo
|c SNKBUCL
|e AACR2
|
| 041 |
0 |
|
|a slo
|
| 044 |
|
|
|a xo
|c SK
|
| 080 |
|
|
|a 821.162.3-051:821.162.4-051:061.3
|2 2001
|
| 080 |
|
|
|a 821.162.4
|2 2001
|
| 100 |
1 |
|
|a Jurík, Ľuboš,
|d 1947-2021
|4 aut
|9 98669
|
| 245 |
1 |
0 |
|a Stretnutie
|b [českých a slovenských prozaikov v Litomyšli.]
|c Ľuboš Jurík
|
| 648 |
|
7 |
|a 1977
|2 snkbucl
|9 336325
|
| 650 |
0 |
7 |
|a českí spisovatelia
|2 snkbucl
|9 82537
|
| 650 |
0 |
7 |
|a slovenskí spisovatelia
|2 snkbucl
|9 1258
|
| 650 |
0 |
7 |
|a stretnutia
|2 snkbucl
|9 877999
|
| 651 |
|
7 |
|a Litomyšl (Česko)
|2 snkbucl
|9 26405
|
| 773 |
0 |
|
|t Nové slovo
|g Roč. 19, č. 9 (1977), s. 2
|
| 958 |
|
|
|a LX
|
| 999 |
|
|
|c 2534521
|d 2536451
|